000 00503nam a22001937a 4500
003 OSt
005 20170920105355.0
008 170920b xxu||||| |||| 00| 0 eng d
020 _a978-84-945438-4-5
040 _cCRI
082 _a823
100 _9565
_aLondon, Jack
_d1876-1916
245 _aWhite Fang
_cJack London
260 _aBarcelona
_bPlutón Ediciones
_c2016
300 _a188 p.
_c19 cm.
490 _aLlobateras
_v20
650 0 _911162
_aNovela inglesa
942 _2ddc
_cBK
_hprozim
999 _c28387
_d28387